| 000 | 00585nam a2200217Ia 4500 | ||
|---|---|---|---|
| 003 | 0100 | ||
| 008 | 130303s9999 xx 000 0 und d | ||
| 040 | _cARRUPELIB | ||
| 050 | _aB187.5.M35 1994 | ||
| 245 | _aPhilosophy before socrates | ||
| 245 | _ban introduction with texts and commentary | ||
| 260 | _aIndianapolis/Cambridge | ||
| 260 | _bHackett Publishing Company | ||
| 260 | _C1994 | ||
| 300 | _axvi | ||
| 300 | _b 436p. 24cm. | ||
| 650 | _bHaumann, Matthew- Travel- Sudan | ||
| 650 | _cWar victims- Sudan | ||
| 650 | _dSouthern region (Sudan) | ||
| 942 |
_2lcc _02 |
||
| 999 |
_c67424 _d67424 |
||